Nadadorzinho (Registo nº 6073)

Detalhes MARC
000 -Etiqueta do registo
Valores 00963nam a2200301 4500
010 ## - Número ISBN
ISBN 9789728781590
021 ## - Número do Depósito Legal
Número 377909/14
100 ## - Dados gerais de processamento
Dados gerais 20211231d2014 bc|y0pory5003 ba
200 1# - Titulo e menção de responsabilidade
Título próprio Nadadorzinho
Primeira menção de responsabilidade Leo Lionni
Outras menções de responsabilidade trad. Isabelle Burratti, Mariana Wallenstein
205 ## - Menção da edição
Edição 3ªed
210 #9 - Publicação
Local de publicação Matosinhos
Nome do editor Kalandraka
Data de publicação 2014
215 ## - Descrição física 
Paginação / Volumes [32] p.
Outras indicações físicas muito il.
Dimensões 29 cm
225 2# - Colecção 
Título próprio da colecção Livros para sonhar
304 ## - Nota relativa ao título
Texto de nota T�it. orig.: Swimmy
606 ## - Nome comum usado como assunto
ID Autoridade 14
Palavra de ordem Literatura infantil
606 ## - Nome comum usado como assunto
ID Autoridade 13
Palavra de ordem Literatura Estrangeira
675 ## - CDU
Notação 82-93
Edição BN
Língua por
675 ## - CDU
Notação 821.1/.8
Edição BN
Língua por
675 ## - CDU
Notação 821.111(73)-34"19"
Edição BN
Língua por
700 ## - Autor principal (pessoa individual)
Apelido Lionni
Nome Leo
Datas 1910-1999
ID Autoridade 5778
702 ## - Autor secundário (pessoa individual)
Apelido Wallenstein
Nome Mariana
ID Autoridade 5779
702 ## - Autor secundário (pessoa individual)
Apelido Buratti
Nome Isabelle
ID Autoridade 5780
801 #0 - Fonte de origem
País PT
Agência BMVN
Regras de catalogação RPC
830 ## - Notas gerais do catalogador
Criado por Ana Caetano
Data de criação 31/12/2021
856 41 - Localização e acesso electrónico 
URL <a href="http://rnod.bnportugal.gov.pt/ImagesBN/winlibimg.aspx?skey=&doc=1896493&img=56990&save=true">http://rnod.bnportugal.gov.pt/ImagesBN/winlibimg.aspx?skey=&doc=1896493&img=56990&save=true</a>
990 ## - Elementos KOHA
Tipo de documento Livro
Exemplares
Situação do levantamento Biblioteca de origem Código de barras Cota Permissão de empréstimo Tipo de documento Forma de aquisição
  Biblioteca Municipal de Vendas Novas 100000001588 LI EST/LIO   Livro  

Powered by Koha